000 00847nam a22001937a 4500
003 CEME
005 20210628204101.0
008 210107b xxu||||| |||| 00| 0 eng d
020 _a9781111128616
040 _cCEME
082 _a629.2872 GIL
100 _aGilles, Tim
_967832
245 _aAutomotive service , inspection, maintenance, repair
250 _a4TH
260 _aBRAZIL
_bCENGAGE LEARNING
_c2012
300 _aXXIII, 1556P
650 _aAUTOMOTIVE SERVICE-INSPECTION.AUTOMOTIVE SERVICE-MAINTENANCE.AUTOMOTIVE SERVICE-REPAIR.AUTOMOBILE INDUSTRY.SHOP PROCEDURES.SHOP SAFETY.SHOP TOOLS.SHOP EQUIPMENT.SHOP MANAGEMENT AND SERVICE RECORDS.LUBRICATION.ENGINE OPERATION.ENGINE COOLING SYSTEMS.ENGINE PERFORMANCE DIAGNOSIS.AUTOMOTIVE ENGINE SERVICE AND REPAIR.BRAKES AND TIRES.SUSPENSION,STEERING,ALLIGNMENT.
_968644
942 _cBK
_2ddc
999 _c576161
_d576161